| 000 | 00364nam a2200145Ia 4500 | ||
|---|---|---|---|
| 008 | 230511s1982 xx 000 0 und d | ||
| 041 | _aeng | ||
| 082 | _a344.01 | ||
| 100 | _aBagri P R | ||
| 245 | _aLaw Of Industrial Disputes Vol-I | ||
| 260 |
_aNew Delhi _bBharat Law House _c1982 |
||
| 300 | _a872 | ||
| 365 | _b930 | ||
| 906 | _a Labour and Industrial Laws | ||
| 999 |
_c353594 _d353594 |
||